000 01042nam a22003137a 4500
003 CHAP
005 20220329133959.0
008 971013s1953 r 00010 d
010 _a13561
011 _a14533
035 _a18607
040 _cCHAP
082 _a621.8672
_bC3
100 0 0 _aCastillo, Arturo del.
_920253
245 _aTubería soldada de gran diámetro
260 _aMéxico, D.F. :
_bBanco de México,
_c1953
300 _a70 h.
_b: ilus.
490 _aBanco de México. Informes preliminares
_v; 24
590 _aBATCH-UPD
_b10
_c20130110
_lUCH01
_h1755
590 _aBATCH-UPD
_b10
_c20130410
_lUCH01
_h1132
590 _aBATCH-UPD
_b10
_c20130914
_lUCH01
_h1006
590 _aCONVERSION
_b10
_c20130109
_lUCH01
_h1309
650 1 4 _aTuberías.
_9115476
830 0 _aBanco de México. Informes preliminares
_v; 24
_99836
901 _aBK
942 _cLIBRO
949 _a621.8672 C3
_bBC
_cLIBRO
_d33724000017729
_eLIBRO
_fc.2
_h14080
_i18607
_mD
_si
949 _a621.8672 C3
_bBC
_cLIBRO
_d33724000017737
_eLIBRO
_h14078
_i18607
_mD
_si
999 _c13561
_d13561